Grammatica latina 3
محفوظ في:
| المؤلف الرئيسي: | |
|---|---|
| التنسيق: | كتاب |
| اللغة: | Spanish |
| منشور في: |
San José, C.R.
Editorial de Universidad de Costa Rica
2015
|
| الموضوعات: | |
| الوسوم: |
إضافة وسم
لا توجد وسوم, كن أول من يضع وسما على هذه التسجيلة!
|
MARC
| LEADER | 00000nam a22000007a 4500 | ||
|---|---|---|---|
| 008 | 181109b xxu||||| |||| 00| 0 spa d | ||
| 040 | |a cru BVZT | ||
| 090 | |a 415-L C-2g v.3 | ||
| 100 | |a Campos Vargas, Henry | ||
| 245 | |a Grammatica latina 3 |c Henry Campos Vargas | ||
| 260 | |a San José, C.R. |b Editorial de Universidad de Costa Rica |c 2015 | ||
| 300 | |a 223 páginas. Vol. 3 | ||
| 650 | |a GRAMÁTICA LATINA | ||
| 650 | |a LATÍN - GRAMÁTICA | ||
| 650 | |a EN IDIOMA LATÍN | ||
| 650 | |a ENSEÑANZA DEL LATÍN | ||
| 999 | |c 30638 |d 30638 | ||
| 942 | |c SALA |h 415-L C-2g v.3 |2 z | ||
